| 000 | 00000nas 2200000za 4500 |
| 001 | 9.505753 |
| 003 | CaOODSP |
| 005 | 20221107133523 |
| 007 | cr ||||||||||| |
| 008 | 150406d19972015oncar p o||||f0 |0eng|d |
| 022 | |a1917-7755 |
| 040 | |aCaOODSP|beng |
| 043 | |an-cn-qu |
| 086 | 1 |aFs1-39E-PDF |
| 222 | 0|aQuebec marine fisheries |b(Online) |
| 245 | 00|aQuebec marine fisheries |h[electronic resource] : |bannual statistics review. |
| 260 | |aQuébec : |bFisheries and Oceans Canada, Statistics Service |
| 310 | |aAnnual |
| 362 | 1 |aBegan with 1997; ceased with 2014/2015. |
| 500 | |aIssued also in French under title: Les pêches maritimes du Québec : revue statistique annuelle. |
| 690 | 07|aFisheries|2gcpds |
| 710 | 1 |aCanada. |bDepartment of Fisheries and Oceans. |bQuebec Region. |
| 775 | 08|tLes pêches maritimes du Québec |w(CaOODSP)9.502158 |